000 00602nam a2200205Ia 4500
003 IN-BaIIA
008 211028s9999 xx 000 0 eng d
020 _a0-08-006820-0
040 _cIIA Library
080 _a[8]:01:00
_bLIN
100 _aLindsay, Robert Bruce
_92845
245 0 _aLord Rayleigh
_bthe man and his work
_cRobert Bruce Lindsay
250 _a1st ed.
260 _aOxford
_bPergamon Press
_c1970
300 _aviii, 251p.
490 _aThe Commonwealth and international library. Selected readings in physics
650 _aBiography
_91224
650 _aNASA thesaurus
942 _cBK
999 _c3851
_d3851